<?xml version="1.0" encoding="UTF-8"?>
<record
    xmlns:xsi="http://www.w3.org/2001/XMLSchema-instance"
    xsi:schemaLocation="http://www.loc.gov/MARC21/slim http://www.loc.gov/standards/marcxml/schema/MARC21slim.xsd"
    xmlns="http://www.loc.gov/MARC21/slim">

  <leader>01835nam a2200253 a 4500</leader>
  <controlfield tag="001">000024661</controlfield>
  <controlfield tag="003">DO-SdBNP</controlfield>
  <controlfield tag="005">20240412074251.0</controlfield>
  <controlfield tag="007">ta</controlfield>
  <controlfield tag="008">110202s2010    dr            000 p spa d</controlfield>
  <datafield tag="020" ind1=" " ind2=" ">
    <subfield code="a">9789945872989</subfield>
  </datafield>
  <datafield tag="040" ind1=" " ind2=" ">
    <subfield code="a">DO-SdBNP</subfield>
    <subfield code="b">spa</subfield>
    <subfield code="c">BNPHU</subfield>
  </datafield>
  <datafield tag="082" ind1=" " ind2="4">
    <subfield code="a">RD861.5</subfield>
    <subfield code="b">M948p</subfield>
    <subfield code="2">22</subfield>
  </datafield>
  <datafield tag="110" ind1="2" ind2=" ">
    <subfield code="a">Taller Literario Juan F&#xE9;lix Pep&#xE9;n</subfield>
    <subfield code="9">50577</subfield>
  </datafield>
  <datafield tag="245" ind1="1" ind2="0">
    <subfield code="a">Muestrario po&#xE9;tico.</subfield>
  </datafield>
  <datafield tag="260" ind1=" " ind2=" ">
    <subfield code="a">Santo Domingo :</subfield>
    <subfield code="b">Ediciones Rumbo Este,</subfield>
    <subfield code="c">2010.</subfield>
  </datafield>
  <datafield tag="300" ind1=" " ind2=" ">
    <subfield code="a">65 p. ;</subfield>
    <subfield code="c">22 cm.</subfield>
  </datafield>
  <datafield tag="505" ind1="0" ind2=" ">
    <subfield code="g">Introducci&#xF3;n</subfield>
    <subfield code="t">Taller literario Juan F&#xE9;lix Pep&#xE9;n. Haciendo camino al andar /</subfield>
    <subfield code="r">Valent&#xED;n Amaro --</subfield>
    <subfield code="t">Creo ;</subfield>
    <subfield code="t">La agon&#xED;a del rapsoda ;</subfield>
    <subfield code="t">Parece ;</subfield>
    <subfield code="t">El llanto ;</subfield>
    <subfield code="t">Ruin Efigie ;</subfield>
    <subfield code="t">Homo sapiens ;</subfield>
    <subfield code="t">Rosa pl&#xE1;stica ;</subfield>
    <subfield code="t">Mujer ;</subfield>
    <subfield code="t">Luces ;</subfield>
    <subfield code="t">Sin ti ;</subfield>
    <subfield code="t">Sufrimiento ;</subfield>
    <subfield code="t">Al crucificado /</subfield>
    <subfield code="r">Francisco Encarnaci&#xF3;n Ram&#xED;rez --</subfield>
    <subfield code="t">Poemas ;</subfield>
    <subfield code="t">Mi descanso /</subfield>
    <subfield code="r">Marco Adamos Gil --</subfield>
    <subfield code="t">No estoy rota ;</subfield>
    <subfield code="t">No he podido ;</subfield>
    <subfield code="t">Sin tu sombra ;</subfield>
    <subfield code="t">S&#xF3;lo a veces ;</subfield>
    <subfield code="t">S&#xF3;lo una parte ;</subfield>
    <subfield code="t">Recortar la tarde ;</subfield>
    <subfield code="t">Y soy entonces ;</subfield>
    <subfield code="t">Inquietud ;</subfield>
    <subfield code="t">Sequ&#xED;as ;</subfield>
    <subfield code="t">Mas no volver&#xE1; la transparencia ;</subfield>
    <subfield code="t">S&#xED;ntomas po&#xE9;ticos ;</subfield>
    <subfield code="t">De las cosas ;</subfield>
    <subfield code="t">Esta parte de ti ;</subfield>
    <subfield code="t">Todo se vive ;</subfield>
    <subfield code="t">Tiempo y nada ;</subfield>
    <subfield code="t">Justo all&#xED; ;</subfield>
    <subfield code="t">Ahora ya puedes ;</subfield>
    <subfield code="t">Muero ;</subfield>
    <subfield code="t">El tiempo ha terminado ;</subfield>
    <subfield code="t">No llueve m&#xE1;s /</subfield>
    <subfield code="r">Leyddy Dhianna Reynoso Caraballo --</subfield>
    <subfield code="t">Poemas ;</subfield>
    <subfield code="a">El d&#xED;a de mi muerte ;</subfield>
    <subfield code="t">Mi sufrimiento /</subfield>
    <subfield code="r">Erick Sandro --</subfield>
    <subfield code="t">Cosas para un &#xE1;ngel ;</subfield>
    <subfield code="t">En el amor ;</subfield>
    <subfield code="t">Miedo ;</subfield>
    <subfield code="t">Cada ma&#xF1;ana ;</subfield>
    <subfield code="t">Yo quiero ser tu amor por siempre ;</subfield>
    <subfield code="t">En mi tiempo ;</subfield>
    <subfield code="t">Yo y mi eterna soledad ;</subfield>
    <subfield code="t">T&#xFA;, mi anhelo /</subfield>
    <subfield code="r">Emili Marx Cordones S&#xE1;nchez --</subfield>
    <subfield code="t">Soy ;</subfield>
    <subfield code="t">Matem&#xE1;ticamente ;</subfield>
    <subfield code="t">Qu&#xE9; soy ;</subfield>
    <subfield code="t">Carta a mi soledad ;</subfield>
    <subfield code="t">Lo dif&#xED;cil de amar /</subfield>
    <subfield code="r">Berl&#xED;n Vilorio Fr&#xED;a</subfield>
  </datafield>
  <datafield tag="590" ind1=" " ind2=" ">
    <subfield code="a">Inventariado, 2019 / DG</subfield>
  </datafield>
  <datafield tag="650" ind1=" " ind2="4">
    <subfield code="a">Poes&#xED;a dominicana</subfield>
    <subfield code="x">Colecciones</subfield>
    <subfield code="9">351</subfield>
  </datafield>
  <datafield tag="650" ind1=" " ind2="0">
    <subfield code="a">Literatura dominicana.</subfield>
    <subfield code="9">67</subfield>
  </datafield>
  <datafield tag="910" ind1=" " ind2=" ">
    <subfield code="a">Validado. Control de calidad BNPHU</subfield>
  </datafield>
  <datafield tag="942" ind1=" " ind2=" ">
    <subfield code="2">ddc</subfield>
    <subfield code="c">LBS1</subfield>
  </datafield>
  <datafield tag="952" ind1=" " ind2=" ">
    <subfield code="0">0</subfield>
    <subfield code="1">0</subfield>
    <subfield code="2">ddc</subfield>
    <subfield code="5">6</subfield>
    <subfield code="7">0</subfield>
    <subfield code="8">DS</subfield>
    <subfield code="a">BNPHU</subfield>
    <subfield code="b">DO</subfield>
    <subfield code="c">HD</subfield>
    <subfield code="d">2011-03-30</subfield>
    <subfield code="l">0</subfield>
    <subfield code="o">BNPHU DS RD861.5 M948p</subfield>
    <subfield code="p">24661-30</subfield>
    <subfield code="r">2020-06-25</subfield>
    <subfield code="t">e.3</subfield>
    <subfield code="w">2020-06-25</subfield>
    <subfield code="y">LFDS</subfield>
  </datafield>
  <datafield tag="952" ind1=" " ind2=" ">
    <subfield code="0">0</subfield>
    <subfield code="1">0</subfield>
    <subfield code="2">ddc</subfield>
    <subfield code="5">6</subfield>
    <subfield code="7">0</subfield>
    <subfield code="8">DS</subfield>
    <subfield code="a">BNPHU</subfield>
    <subfield code="b">DO</subfield>
    <subfield code="c">HD</subfield>
    <subfield code="d">2013-11-13</subfield>
    <subfield code="l">0</subfield>
    <subfield code="o">BNPHU DS RD861.5 M948p</subfield>
    <subfield code="p">24661-40</subfield>
    <subfield code="r">2020-06-25</subfield>
    <subfield code="t">e.4</subfield>
    <subfield code="w">2020-06-25</subfield>
    <subfield code="y">LFDS</subfield>
  </datafield>
  <datafield tag="952" ind1=" " ind2=" ">
    <subfield code="0">0</subfield>
    <subfield code="1">0</subfield>
    <subfield code="2">ddc</subfield>
    <subfield code="5">1</subfield>
    <subfield code="7">0</subfield>
    <subfield code="8">PD</subfield>
    <subfield code="a">BNPHU</subfield>
    <subfield code="b">PD</subfield>
    <subfield code="c">HD</subfield>
    <subfield code="d">2011-03-30</subfield>
    <subfield code="l">0</subfield>
    <subfield code="o">BNPHU PD RD861.5 M948p</subfield>
    <subfield code="p">24661-10</subfield>
    <subfield code="r">2020-06-25</subfield>
    <subfield code="w">2020-06-25</subfield>
    <subfield code="y">LFPD</subfield>
  </datafield>
  <datafield tag="952" ind1=" " ind2=" ">
    <subfield code="0">0</subfield>
    <subfield code="1">0</subfield>
    <subfield code="2">ddc</subfield>
    <subfield code="5">1</subfield>
    <subfield code="7">0</subfield>
    <subfield code="8">PD</subfield>
    <subfield code="a">BNPHU</subfield>
    <subfield code="b">PD</subfield>
    <subfield code="c">HD</subfield>
    <subfield code="d">2011-03-30</subfield>
    <subfield code="l">0</subfield>
    <subfield code="o">BNPHU PD RD861.5 M948p</subfield>
    <subfield code="p">24661-20</subfield>
    <subfield code="r">2020-06-25</subfield>
    <subfield code="t">e.2</subfield>
    <subfield code="w">2020-06-25</subfield>
    <subfield code="y">LFPD</subfield>
  </datafield>
  <datafield tag="999" ind1=" " ind2=" ">
    <subfield code="c">24154</subfield>
    <subfield code="d">24154</subfield>
  </datafield>
</record>
